| 000 | 00395nam a22001697a 4500 | ||
|---|---|---|---|
| 003 | NUST | ||
| 020 | _a978-81-318-0788-0 | ||
| 038 | _akhadija | ||
| 082 |
_a621 _bBAN |
||
| 100 |
_aBansal, R. K. _989357 |
||
| 245 | _aMechanical Engineering (Objective Type) | ||
| 260 |
_aNew Delhi : _bLaxmi , _c2014. |
||
| 300 |
_a847 p. ; _b24 cm. |
||
| 500 | _aPaperback. | ||
| 563 | _aPB | ||
| 942 |
_cBK _2ddc |
||
| 999 |
_c33745 _d33745 |
||